000 01078nam a2200133Ia 4500
008 220615s9999||||xx |||||||||||||| ||und||
020 _a9783040000000
245 0 _aInterfacial Dissipative Phenomena in Tribomechanical Systems
546 _aEnglish[eng]
650 _anonlinear dynamic response||second harmonics||experiments||numerical modelling||interface stiffness||adhesion||roughness||adhesion enhancement||JKR model||Lennard–Jones||friction testers||tribometers||viscoelastic materials||rubber friction||tyre||elbow erosion||turbulence flow||gas-solid flow||corrosion||numerical simulation||friction-induced vibrations||mass-on-moving-belt||dynamic vibration absorber||tuned mass damper||passive vibrations mitigation||nonlinear dynamics||basin of attraction||self-excitation||bi-stability||multi-stability||viscoelasticity||contact mechanics||finite element method||adhesion hysteresis||rough surfaces||JKR theory||friction||dissipation||contact nonlinearities
700 _aPapangelo, Antonio
856 _uhttps://mdpi.com/books/pdfview/book/4641
942 _cEB
999 _c11827
_d11827